000 00416nam a2200181Ia 4500
001 8493
005 20260306160613.0
008 260306t2013||||xx |||||||||||||| ||spa||
041 _aESP
082 _a371.1
_bM27J
100 _aCalmels, Daniel
_eAUT
245 0 _aEl cuerpo en la escritura
260 _c2013
300 _a111 páginas :
_c21 cm.
650 _aGEN
654 _aCED
942 _cLIB
_dJUS
_fJUS
_2ddc
_n
999 _c8493
_d8493